| 000 | 00924nam a2200325 a 4500 | ||
|---|---|---|---|
| 003 | AR-BaBNM | ||
| 005 | 20251128204305.0 | ||
| 008 | 082120s2002 ||||||||||||||000 | spa|| | ||
| 040 | _cAR-BaBNM | ||
| 245 | 0 | 0 | _aProblemas de la enseñanza de la matemática. |
| 260 |
_aBuenos Aires _bConceptos de Matemática _c1980 |
||
| 300 |
_a181 p. _bil., láms. |
||
| 504 | _aBibliografía p. 177 | ||
| 650 | 4 | _aENSEÑANZA DE LAS MATEMATICAS | |
| 650 | 4 | _aCONCEPTOS MATEMATICOS | |
| 650 | 4 | _aPROBLEMAS METODOLOGICOS | |
| 650 | 4 | _aCONCEPTOS NUMERICOS | |
| 650 | 4 | _aENSEÑANZA DE LA FISICA | |
| 651 | 4 | _aAlemania | |
| 653 | _aEDUCACION PRIMARIA | ||
| 700 | 1 | _aBosch, Jorge E. | |
| 700 | 1 | _aSimpson, Thomas M. | |
| 700 | 1 | _aIglesias, Lucrecia Delia | |
| 700 | 1 | _aTrejo, César Anselmo | |
| 700 | 1 | _aMehr, Franz J. | |
| 700 | 1 | _aBanfi, José | |
| 700 | 1 | _aSantaló, Luis Antonio | |
| 942 | _cBK | ||
| 998 | _cCarmen | ||
| 999 |
_c6888 _d6888 |
||